History Quiz

Random History or Flags Quiz

National Flags of Texas Quiz Stats

 Plays Quiz Updated Feb 27, 2019

Score 0/6 Timer 01:00
2 Plays Today
Year Nation % Correct
1845-1861; 1865-PresentUnited States of America
96.9%
1821-1836Mexico
95.8%
1519-1685; 1690-1821Spain
94%
1685-1690France
88.1%
1836-1845Texas Republic
87.1%
1861-1865Confederate States of America
71.3%

You're not logged in!

Compare scores with friends on all Sporcle quizzes.
OR
Log In

Sporcle TV

Today on Sporcle TV


Watch our educational content, quiz creation guides, and fun videos on Sporcle TV.

Show Comments

Extras

Top Quizzes Today


Score Distribution

Your Account Isn't Verified!

In order to create a playlist on Sporcle, you need to verify the email address you used during registration. Go to your Sporcle Settings to finish the process.

Report this User

Report this user for behavior that violates our Community Guidelines.

Details: